| 000 | 00800nam a22002657a 4500 | ||
|---|---|---|---|
| 003 | OSt | ||
| 005 | 20260407082934.0 | ||
| 008 | 260407b ar ||||| |||| 00| 0 spa d | ||
| 040 | _aHCSPBA | ||
| 041 | _aspa | ||
| 100 | _aMalagarriga, Carlos César | ||
| 245 |
_aInstituciones penales argentinas : _bTextos legales. _nTomo 3. _pLeyes |
||
| 260 |
_aBuenos Aires. _c1930. _bJesús Menéndez. |
||
| 300 | _a3 v. | ||
| 505 | _aIndice | ||
| 505 | _aParte tercera. Leyes | ||
| 505 | _aCapítulo preliminar. Clasificación | ||
| 505 | _aCapítulo I. Leyes federales | ||
| 505 | _aCapítulo II. Legislación social | ||
| 505 | _aCapítulo III. Leyes de jurisdicción ordinaria | ||
| 650 | _aESTABLECIMIENTOS PENITENCIARIOS | ||
| 650 | _aDERECHO PENAL | ||
| 651 | _aARGENTINA | ||
| 942 | _cLIB | ||
| 999 |
_c64648 _d134117 |
||